Mäkká voda ; Čakáme, kým na nás príde rad ; Ľudia chradnú

Bibliographic Details
Main Author: Radičkov, Jordan, 1929-2004 (Author)
Other Authors: Hochel, Igor, 1953- (Translator)
Format: Article
Language:Slovak
PhysicalDescription:Fotogr.
ISSN:0231-6269
Subjects:

MARC

LEADER 00000nab a2200000 a 4500
001 vtls000710250
003 SK-MaSNL
005 20260305010504.0
008 250429c1999 xo 0 slo
015 |a SNBRB2000/01-02433 
035 |a CLN000062417 
035 |a urn:nbn:sk:snk-abbt0a 
035 |a (urnnbn)urn:nbn:sk:snk:ar-00468y 
035 |a (uuid)8950c33c-b0ad-46e0-a4ba-8a563287d338 
040 |a SNKBUCL  |b slo  |c SNKBUCL  |e AACR2 
041 0 |a slo 
044 |a xo  |c SK 
080 |a 886.7-3  |2 1997 
100 1 |a Radičkov, Jordan,  |d 1929-2004  |4 aut  |9 199283 
245 1 0 |a Mäkká voda ; Čakáme, kým na nás príde rad ; Ľudia chradnú  |c Jordan Radičkov ; z bulharčiny preložil Igor Hochel 
300 |b Fotogr. 
650 0 7 |a prózy reflexívne bulharské  |2 snkbucl  |9 1585879 
655 7 |a články z novín a časopisov  |2 snkbucl  |9 267496 
700 1 |a Hochel, Igor,  |d 1953-  |4 trl  |9 101382 
773 0 |t Revue svetovej literatúry  |g Roč. 35, č. 3 (1999), s. 123  |x 0231-6269 
850 |a Slovenská národná knižnica 
852 |a Slovenská národná knižnica 
958 |a article15 
958 |a LX 
958 |a BG 
958 |a OND 
958 |a EUIPO 
992 |a RBX 
999 |c 3246972  |d 3248902